[Event "SV Erkenschwick 2 - SV Mülheim-Nord 4"]
[Site "Verbandsliga, Gruppe 1 2017/2"]
[Date "2018.01.14"]
[Round "5.6"]
[White "Broksch, Dirk"]
[Black "Stoer, Agnes"]
[Result "1-0"]
[WhiteElo "1853"]
[BlackElo "1801"]
[Annotator "Daniel"]
[PlyCount "133"]
[EventDate "2018.??.??"]

1. d4 Nf6 2. Nf3 e6 3. c4 d5 4. Nc3 Nbd7 5. Bf4 c6 6. cxd5 Nxd5 7. Nxd5 exd5 8.
e3 Qa5+ 9. Nd2 Nf6 10. Bd3 Bb4 11. a3 Bxd2+ 12. Qxd2 Qxd2+ 13. Kxd2 Ne4+ 14.
Ke2 g5 15. Bc7 Kd7 16. Ba5 b6 17. Be1 f5 18. f3 Nd6 19. Bf2 Ke7 20. Rac1 Bd7
21. Kd2 h5 22. h3 Kf6 23. Bg3 Nf7 24. Ba6 Rae8 25. Rhf1 h4 26. Bh2 Re6 27. Bd3
Kg6 28. Rcd1 Nd6 29. Be5 Rhe8 30. b3 c5 31. Rc1 c4 32. Bxd6 cxd3 33. Be5 Bb5
34. Rc7 R8e7 35. Rfc1 g4 36. fxg4 fxg4 37. a4 Ba6 38. Rxe7 Rxe7 39. Rc6+ Kh5
40. Bf4 gxh3 41. gxh3 Rh7 42. Rd6 Bc8 43. Rxd5+ Kg6 44. Kxd3 Bxh3 45. e4 Bf1+
46. Ke3 h3 $11 47. Bh2 Bg2 48. Rd6+ Kh5 49. Rf6 Re7 50. Rf4 Kg5 51. d5 Re8 52.
Kd4 Rd8 53. Rf7 Kg6 54. Rxa7 Re8 55. e5 Rd8 56. d6 Kf5 57. Rf7+ Ke6 58. Rf6+
Kd7 59. e6+ Kc6 60. e7 Re8 61. Rf8 Kd7 62. Ke5 Bc6 63. Bg3 Bb7 64. b4 Bc6 65.
a5 bxa5 66. bxa5 Bb7 67. Kd4 1-0

[Event "SV Erkenschwick 2 - SV Mülheim-Nord 4"]
[Site "Verbandsliga, Gruppe 1 2017/2"]
[Date "2018.01.14"]
[Round "5.7"]
[White "Bartelt, Max Peter"]
[Black "Strohmann, Marcel"]
[Result "0-1"]
[WhiteElo "1822"]
[BlackElo "1836"]
[PlyCount "80"]
[EventDate "2018.??.??"]

1. d4 Nf6 2. g3 g6 3. Bg2 Bg7 4. e4 d6 5. Ne2 O-O 6. O-O c6 7. c4 e5 8. d5 c5
9. f4 exf4 10. gxf4 Re8 11. Nbc3 Bg4 12. Qc2 Bxe2 13. Qxe2 Nxe4 14. Nxe4 f5 15.
Qc2 fxe4 16. Bxe4 Qf6 17. Bg2 Nd7 18. Rb1 Re7 19. Bd2 Re2 20. Rf2 Qd4 21. Rbf1
Rae8 22. Bf3 Rxf2 23. Rxf2 Qxb2 24. Qxb2 Bxb2 25. Re2 Rxe2 26. Bxe2 Nf6 27. Bd3
Kf7 28. Kg2 Nh5 29. f5 Kf6 30. fxg6 hxg6 31. Kf3 Ng7 32. Bf4 Ne8 33. Bc2 Be5
34. h4 Bxf4 35. Kxf4 b5 36. Bd3 b4 37. Be2 Ng7 38. Bd3 a5 39. Bc2 Nf5 40. Kg4
Ne3+ 0-1

[Event "SV Erkenschwick 2 - SV Mülheim-Nord 4"]
[Site "Verbandsliga, Gruppe 1 2017/2"]
[Date "2018.01.14"]
[Round "5.8"]
[White "Mathea, Marc"]
[Black "Kraska, Erwin"]
[Result "1-0"]
[WhiteElo "1823"]
[BlackElo "1538"]
[PlyCount "59"]
[EventDate "2018.??.??"]

1. e4 d6 2. d4 g6 3. c4 Nf6 4. Nc3 Bg7 5. f3 Nc6 6. Be3 Bd7 7. Nge2 a6 8. Qd2
Na7 9. Bh6 O-O 10. h4 c5 11. d5 b5 12. g4 b4 13. Nd1 e5 14. Ng3 Kh8 15. Bg5 Qc8
16. h5 Nxg4 17. fxg4 Bxg4 18. h6 Bf6 19. Bxf6+ Kg8 20. Ne3 Re8 21. Qf2 Nb5 22.
cxb5 a5 23. Nxg4 Qxg4 24. Bh3 Qf4 25. Qxf4 exf4 26. Bd7 fxg3 27. Bxe8 Rxe8 28.
Rh4 c4 29. Rc1 Rc8 30. b6 1-0

[Event "SV Kamen 2 - SV Bottrop 1"]
[Site "Verbandsliga, Gruppe 1 2017/2"]
[Date "2018.01.14"]
[Round "5.1"]
[White "Stadtmann, Jens"]
[Black "Rumpf, Thomas"]
[Result "1/2-1/2"]
[WhiteElo "2128"]
[BlackElo "2006"]
[PlyCount "87"]
[EventDate "2018.??.??"]

1. e4 e5 2. Nf3 Nc6 3. Bb5 a6 4. Ba4 Nf6 5. O-O Be7 6. Bxc6 dxc6 7. Qe1 Nd7 8.
b3 O-O 9. Bb2 f6 10. d4 Bd6 11. Nbd2 Qe7 12. Qe2 b5 13. Rfe1 Ba3 14. Bxa3 Qxa3
15. Nf1 Re8 16. Ng3 Nf8 17. h3 Ng6 18. c4 Qe7 19. Rac1 b4 20. Rcd1 a5 21. Qd2
c5 22. Nf5 Qf8 23. dxe5 Nxe5 24. Nxe5 Rxe5 25. f4 Re8 26. Qd5+ Be6 27. Qc6 Rac8
28. Ng3 a4 29. f5 Bf7 30. Rd7 axb3 31. axb3 Red8 32. Red1 Rxd7 33. Rxd7 Qe8 34.
Kh2 h5 35. h4 Qe5 36. Qb7 Rf8 37. Qxc7 Qc3 38. e5 fxe5 39. Ne4 Qxb3 40. Ng5
Qxc4 41. Ne6 Qxh4+ 42. Kg1 Qe1+ 43. Kh2 Qh4+ 44. Kg1 1/2-1/2

[Event "SV Kamen 2 - SV Bottrop 1"]
[Site "Verbandsliga, Gruppe 1 2017/2"]
[Date "2018.01.14"]
[Round "5.2"]
[White "Koch, Marcel"]
[Black "Boehm, Joachim"]
[Result "0-1"]
[WhiteElo "1900"]
[BlackElo "2124"]
[Annotator "Daniel"]
[PlyCount "106"]
[EventDate "2018.??.??"]

1. d4 d6 2. Nf3 g6 3. g3 Bg7 4. Bg2 Nd7 5. O-O e5 6. dxe5 dxe5 7. Nc3 Ngf6 8.
Bg5 h6 9. Bxf6 Qxf6 10. Nd5 Qd8 11. e4 O-O 12. Ne3 Nc5 13. Qd5 Qe7 14. b4 Ne6
15. a3 c6 16. Qc4 Nd4 17. Rad1 Be6 18. Qd3 Nb5 19. c4 Rfd8 20. Qb3 Nd4 21. Qb2
a5 22. c5 axb4 23. Qxb4 b5 24. cxb6 Qxb4 25. axb4 Rab8 26. b5 cxb5 27. Nxd4
exd4 28. Nd5 Bxd5 29. exd5 Rxb6 30. Rd3 b4 31. Rb1 g5 32. Rdb3 Bf8 33. Kf1 Rc8
34. Ke2 Rc3 35. Be4 $11 Kg7 36. Rxc3 dxc3 37. Bc2 Ra6 38. Bb3 g4 39. Kd3 Rf6
40. Ke2 Bc5 41. Rf1 Rf3 42. Bc2 Kf6 43. Be4 b3 44. Bxf3 gxf3+ 45. Kd3 c2 46.
Kc3 Ba3 47. Kd2 Bb4+ 48. Kc1 Ke5 49. Kb2 Bd2 50. d6 Kxd6 51. Kxb3 c1=Q 52. Rxc1
Bxc1 53. Kc2 Be3 0-1

[Event "SV Kamen 2 - SV Bottrop 1"]
[Site "Verbandsliga, Gruppe 1 2017/2"]
[Date "2018.01.14"]
[Round "5.4"]
[White "Traunecker, Thomas"]
[Black "Nowak, Steven"]
[Result "1/2-1/2"]
[WhiteElo "1872"]
[BlackElo "1952"]
[PlyCount "35"]
[EventDate "2018.??.??"]

1. d4 g6 2. Nf3 Bg7 3. g3 d6 4. Bg2 Nf6 5. O-O O-O 6. c4 c6 7. Nc3 Nbd7 8. h3
Qc7 9. Be3 h6 10. Rc1 e5 11. b4 Nh5 12. Qd2 Kh7 13. g4 Nhf6 14. dxe5 dxe5 15.
g5 hxg5 16. Nxg5+ Kg8 17. Rfd1 Nb6 18. Nce4 1/2-1/2

[Event "SV Kamen 2 - SV Bottrop 1"]
[Site "Verbandsliga, Gruppe 1 2017/2"]
[Date "2018.01.14"]
[Round "5.5"]
[White "Masberg, Stefan"]
[Black "Schulze-Bergcamen, Stefan"]
[Result "1-0"]
[WhiteElo "1912"]
[BlackElo "1942"]
[Annotator "Daniel"]
[PlyCount "87"]
[EventDate "2018.??.??"]

1. e4 b6 2. g3 Bb7 3. Bg2 g6 4. Ne2 Bg7 5. O-O c5 6. d3 Nc6 7. c3 d6 8. Be3 Nf6
9. f3 O-O 10. d4 cxd4 11. Nxd4 Ne5 12. Qe2 Qc8 13. Na3 Ba6 14. Nab5 Nc4 15. a4
Nxe3 16. Qxe3 Qd7 17. Qe2 $11 Rfd8 18. Rfd1 Ne8 19. Rac1 Bb7 20. c4 h5 21. b3
Bh6 22. Ra1 Bg7 23. Rac1 $11 Nc7 24. Nc3 Na6 25. Nd5 Nc5 26. Qc2 Na6 27. h4 e6
28. Bh3 f5 29. Nc3 Bxd4+ 30. Rxd4 Qc7 31. Kh2 e5 32. Rdd1 Nb4 33. Qe2 f4 34.
gxf4 exf4 35. Rg1 Kh7 36. Rg5 Rg8 37. Rcg1 Qe7 $11 38. Bf5 Rg7 39. Rxh5+ Kg8
40. Rxg6 Rxg6 41. Bxg6 Qf6 42. Bh7+ Kh8 43. Qg2 Qg7 44. Bf5+ 1-0

[Event "SV Kamen 2 - SV Bottrop 1"]
[Site "Verbandsliga, Gruppe 1 2017/2"]
[Date "2018.01.14"]
[Round "5.6"]
[White "Krabbe, Christian"]
[Black "Gierse, Heinz-Dieter"]
[Result "1/2-1/2"]
[WhiteElo "1966"]
[BlackElo "1938"]
[PlyCount "35"]
[EventDate "2018.??.??"]

1. Nf3 d5 2. g3 Nf6 3. Bg2 c6 4. d3 Bf5 5. O-O e6 6. Nbd2 h6 7. Qe1 Be7 8. e4
Bh7 9. Qe2 O-O 10. b3 c5 11. Bb2 Nc6 12. a3 Qc7 13. Rac1 Rac8 14. Rfe1 b5 15.
Bh3 Rcd8 16. Kh1 Rfe8 17. exd5 Nxd5 18. Ne5 1/2-1/2

[Event "SV Kamen 2 - SV Bottrop 1"]
[Site "Verbandsliga, Gruppe 1 2017/2"]
[Date "2018.01.14"]
[Round "5.8"]
[White "Wiese, Thomas"]
[Black "Jaeger, Heinz"]
[Result "1/2-1/2"]
[WhiteElo "1790"]
[BlackElo "1951"]
[PlyCount "39"]
[EventDate "2018.??.??"]

1. c4 e5 2. Nc3 Nc6 3. Nf3 f5 4. d4 e4 5. d5 exf3 6. dxc6 bxc6 7. exf3 Nf6 8.
Bd3 d6 9. O-O Be7 10. Qc2 Qd7 11. Re1 Kf7 12. Bd2 Re8 13. Re2 Bf8 14. Rae1 Rxe2
15. Rxe2 g6 16. Qc1 Bb7 17. b4 c5 18. b5 Bg7 19. Bg5 Re8 20. Rxe8 1/2-1/2

[Event "SV Rot-Weiß-Altenessen 1 - SV Hamm 1"]
[Site "Verbandsliga, Gruppe 2 2017/2"]
[Date "2018.01.14"]
[Round "5.1"]
[White "Spyrou, Emmanouil"]
[Black "Praß, Marian"]
[Result "1/2-1/2"]
[WhiteElo "2194"]
[BlackElo "2012"]
[PlyCount "99"]
[EventDate "2018.??.??"]

1. d4 Nf6 2. c4 e6 3. Nc3 c5 4. d5 exd5 5. cxd5 d6 6. e4 g6 7. Nf3 Bg7 8. Bf4
O-O 9. Nd2 Qe7 10. Be2 a6 11. a4 Nbd7 12. O-O Ne8 13. Re1 b6 14. Qc2 Rb8 15.
Bg3 Nc7 16. Nc4 Ne5 17. Na3 g5 18. h3 Bd7 19. Nc4 Nxc4 20. Bxc4 Be5 21. Bxe5
Qxe5 22. Be2 Rb7 23. Bg4 Bxg4 24. hxg4 b5 25. axb5 axb5 26. Ne2 b4 27. Ng3 Nb5
28. Nf5 Rc8 29. Qd2 f6 30. Ra6 Rd8 31. f3 Rbb8 32. Rea1 Rb7 33. Ra8 Rdb8 34.
R1a6 Rxa8 35. Rxa8+ Kf7 36. Rh8 Rd7 37. Rxh7+ Ke8 38. Ng7+ Kd8 39. Ne6+ Kc8 40.
Rh8+ Kb7 41. Qd3 Nd4 42. Nd8+ Rxd8 43. Rxd8 Qg3 44. Qe3 Qe5 45. b3 Nc2 46. Qe2
Qa1+ 47. Kh2 Kc7 48. Rf8 Nd4 49. Qd3 Qe1 50. Qa6 1/2-1/2

[Event "SV Rot-Weiß-Altenessen 1 - SV Hamm 1"]
[Site "Verbandsliga, Gruppe 2 2017/2"]
[Date "2018.01.14"]
[Round "5.2"]
[White "Kordonowski, Frank"]
[Black "Voss, Hubertus"]
[Result "1-0"]
[WhiteElo "2000"]
[BlackElo "2089"]
[PlyCount "87"]
[EventDate "2018.??.??"]

1. c4 e6 2. Nc3 d5 3. d4 Nf6 4. Bg5 Be7 5. Nf3 h6 6. Bh4 O-O 7. e3 Ne4 8. Bxe7
Qxe7 9. Qc2 Nxc3 10. Qxc3 c6 11. Bd3 Nd7 12. O-O dxc4 13. Bxc4 c5 14. Rad1 b6
15. d5 exd5 16. Bxd5 Rb8 17. e4 Nf6 18. Ne5 Bb7 19. Ng6 Nxd5 20. Nxe7+ Nxe7 21.
f4 Nc6 22. f5 Nd4 23. Rxd4 cxd4 24. Qxd4 Rbd8 25. Qa4 Rfe8 26. Rf4 b5 27. Qb4
Re5 28. Qa5 Rde8 29. Qxa7 Bxe4 30. Qd7 Bb1 31. a3 R8e7 32. Qd6 Re8 33. f6 g5
34. Rf2 Ba2 35. h3 Bd5 36. Rd2 Bc4 37. Kh2 Re3 38. Qc7 Bd3 39. b3 Bf1 40. Rd8
Re1 41. Rxe8+ Rxe8 42. a4 bxa4 43. bxa4 Be2 44. Qe7 1-0

[Event "SV Rot-Weiß-Altenessen 1 - SV Hamm 1"]
[Site "Verbandsliga, Gruppe 2 2017/2"]
[Date "2018.01.14"]
[Round "5.3"]
[White "Schlaap, Ralf"]
[Black "Birdaini, Becir"]
[Result "1/2-1/2"]
[WhiteElo "2072"]
[BlackElo "2010"]
[PlyCount "58"]
[EventDate "2018.??.??"]

1. c4 c6 2. d4 d5 3. Nf3 Nf6 4. Nc3 h6 5. Qb3 e6 6. Bf4 Bd6 7. Bxd6 Qxd6 8. e3
Nbd7 9. Be2 O-O 10. O-O Re8 11. Rfd1 Rb8 12. Rac1 a6 13. a4 Nf8 14. Bd3 Bd7 15.
Ne5 Rec8 16. e4 dxe4 17. Nxe4 Nxe4 18. Bxe4 Be8 19. Qc3 Rd8 20. c5 Qe7 21. Nc4
Nd7 22. b4 Nf6 23. Bf3 Nd5 24. Bxd5 Rxd5 25. Rd3 Rbd8 26. Re1 f6 27. Nd6 Bf7
28. Rde3 R8xd6 29. cxd6 Qxd6 1/2-1/2

[Event "SV Rot-Weiß-Altenessen 1 - SV Hamm 1"]
[Site "Verbandsliga, Gruppe 2 2017/2"]
[Date "2018.01.14"]
[Round "5.4"]
[White "Cavasin, Joerg"]
[Black "Dukic, Dalibor"]
[Result "1/2-1/2"]
[WhiteElo "1891"]
[BlackElo "2040"]
[PlyCount "69"]
[EventDate "2018.??.??"]

1. c4 Nf6 2. Nf3 d6 3. d4 Nbd7 4. Nc3 e5 5. e4 Be7 6. Be2 O-O 7. O-O Re8 8. Qc2
c6 9. h3 Qc7 10. Be3 Bf8 11. Rad1 b6 12. Rd2 Bb7 13. Rfd1 Rac8 14. Bg5 h6 15.
Bh4 a6 16. a3 exd4 17. Nxd4 c5 18. Nf5 Nxe4 19. Nd5 Bxd5 20. Rxd5 g6 21. f3
Nef6 22. Nxd6 Nxd5 23. Nxe8 Rxe8 24. Rxd5 Nb8 25. Qd2 Nc6 26. Bf2 Bg7 27. f4
Bd4 28. Bd3 Bxf2+ 29. Qxf2 Qe7 30. Kh2 Kg7 31. Qg3 Qe3 32. Rd6 Nd4 33. Rxg6+
fxg6 34. Qxg6+ Kf8 35. Qf6+ 1/2-1/2

[Event "SV Rot-Weiß-Altenessen 1 - SV Hamm 1"]
[Site "Verbandsliga, Gruppe 2 2017/2"]
[Date "2018.01.14"]
[Round "5.5"]
[White "Hufelschulte, Norbert"]
[Black "Rohloff, Markus"]
[Result "1-0"]
[WhiteElo "2021"]
[BlackElo "1830"]
[PlyCount "79"]
[EventDate "2018.??.??"]

1. d4 Nf6 2. c4 g6 3. Nc3 Bg7 4. e4 d6 5. Be2 O-O 6. Bg5 h6 7. Be3 e5 8. dxe5
dxe5 9. Nf3 Qe7 10. O-O Na6 11. Nd5 Nxd5 12. cxd5 Rd8 13. Qc2 f5 14. Rac1 f4
15. Bd2 b6 16. b4 g5 17. b5 Nc5 18. Bb4 g4 19. Nd2 Qg5 20. Bxc5 bxc5 21. f3 g3
22. Rfd1 Qh4 23. Nf1 Rd6 24. Qxc5 Rg6 25. d6 Bh3 26. hxg3 Rxg3 27. Nxg3 fxg3
28. Bf1 Be6 29. Bc4 Qh2+ 30. Kf1 Bxc4+ 31. Rxc4 cxd6 32. Qg1 Qh5 33. Rxd6 Rf8
34. Ke2 Qf7 35. Rd5 Re8 36. a4 h5 37. Qc1 Re6 38. Rc6 h4 39. Qg5 Rxc6 40. bxc6
1-0

[Event "SV Rot-Weiß-Altenessen 1 - SV Hamm 1"]
[Site "Verbandsliga, Gruppe 2 2017/2"]
[Date "2018.01.14"]
[Round "5.6"]
[White "Avgustin, Thomas"]
[Black "Sievert, Jan-Thorwald"]
[Result "1/2-1/2"]
[WhiteElo "1709"]
[BlackElo "1985"]
[PlyCount "91"]
[EventDate "2018.??.??"]

1. e4 c5 2. Nf3 d6 3. c3 Nf6 4. Be2 Nc6 5. d3 g6 6. O-O Bg7 7. Re1 O-O 8. Bf1
e5 9. h3 d5 10. Nbd2 h6 11. g3 d4 12. Nc4 Ne8 13. a4 Be6 14. cxd4 cxd4 15. b3
Bxc4 16. bxc4 Nc7 17. Rb1 Rb8 18. Ba3 Re8 19. Qd2 Kh7 20. Rb2 Ne6 21. Reb1 b6
22. Rb5 Nc7 23. R5b2 Qf6 24. Kg2 Bf8 25. Bxf8 Rxf8 26. Nh2 Ne6 27. Ng4 Qg5 28.
Qxg5 hxg5 29. Nf6+ Kg7 30. Nd7 Nc5 31. Nxf8 Kxf8 32. Ra1 Rb7 33. Be2 Ke7 34.
Ra3 Kd6 35. Bd1 a5 36. f3 Nb4 37. Rd2 f6 38. g4 Ne6 39. Be2 Rh7 40. Bf1 Nc5 41.
Kg3 Kc6 42. Rh2 Rh4 43. Rb2 Rh8 44. Rh2 Rh4 45. Rb2 Rh8 46. Rh2 1/2-1/2

[Event "SV Rot-Weiß-Altenessen 1 - SV Hamm 1"]
[Site "Verbandsliga, Gruppe 2 2017/2"]
[Date "2018.01.14"]
[Round "5.7"]
[White "Vierbuchen, Joachim"]
[Black "Metzner, Carsten"]
[Result "1-0"]
[WhiteElo "1884"]
[BlackElo "1787"]
[PlyCount "63"]
[EventDate "2018.??.??"]

1. d4 d5 2. c4 e6 3. Nc3 Nf6 4. Bg5 Be7 5. e3 h6 6. Bh4 O-O 7. Nf3 c6 8. Rc1
Nbd7 9. Bd3 dxc4 10. Bxc4 b5 11. Bd3 a6 12. O-O Bb7 13. Bb1 Re8 14. Qe2 Nf8 15.
Ne5 c5 16. dxc5 Bxc5 17. Ne4 Be7 18. Rfd1 Nd5 19. Qf3 f5 20. Bxe7 Qxe7 21. Nc5
g6 22. Qg3 Kh7 23. Nxb7 Qxb7 24. e4 Nf6 25. Nxg6 Rac8 26. Rxc8 Qxc8 27. exf5
exf5 28. Nh4 Ne4 29. Qf4 Ng6 30. Qxf5 Qxf5 31. Nxf5 Nf4 32. Ng3 1-0

[Event "SV Rot-Weiß-Altenessen 1 - SV Hamm 1"]
[Site "Verbandsliga, Gruppe 2 2017/2"]
[Date "2018.01.14"]
[Round "5.8"]
[White "Neugebauer, Thomas"]
[Black "Bachmann, Rolf"]
[Result "1-0"]
[WhiteElo "1809"]
[BlackElo "1799"]
[PlyCount "105"]
[EventDate "2018.??.??"]

1. e4 Nf6 2. e5 Nd5 3. d4 d6 4. c4 Nb6 5. exd6 exd6 6. h3 Be7 7. Nf3 O-O 8. Be2
Bf5 9. O-O h6 10. Nc3 Bf6 11. Be3 Nc6 12. Rc1 a5 13. d5 Ne7 14. Nd4 Bg6 15. Bd3
Qd7 16. b3 a4 17. Qc2 axb3 18. axb3 Bxd4 19. Bxd4 Nf5 20. Bxb6 cxb6 21. Nb5 Ne7
22. Bxg6 Nxg6 23. f4 Ra6 24. Qf2 Rfa8 25. Nc3 Qc7 26. Kh1 Nf8 27. Rfe1 Qd8 28.
Ne4 f5 29. Nc3 Nd7 30. b4 Nf6 31. Qd4 Qf8 32. b5 Ra3 33. Qxb6 Nh5 34. Qf2 Re8
35. Rxe8 Qxe8 36. Re1 Qd8 37. Ne2 Nf6 38. Ng3 g6 39. Kh2 Kf7 40. Qe2 Rc3 41.
Ra1 Qc7 42. b6 Qc8 43. Ra4 h5 44. Qa2 Qc5 45. Qe2 Re3 46. Qb2 h4 47. Ne2 Re4
48. Ra7 Qc8 49. Nd4 Rxf4 50. Nc6 Nd7 51. Rxb7 Rxc4 52. Rc7 Qe8 53. b7 1-0

[Event "SV Mülheim-Nord 3 - SG Gladbeck 1"]
[Site "Verbandsliga, Gruppe 2 2017/2"]
[Date "2018.01.14"]
[Round "5.1"]
[White "Hassenrueck, Helmut"]
[Black "Walter, Andreas"]
[Result "1-0"]
[WhiteElo "2044"]
[BlackElo "2131"]
[Annotator "Daniel"]
[PlyCount "57"]
[EventDate "2018.??.??"]

1. d4 d5 2. Nf3 Nf6 3. c4 c6 4. Nc3 e6 5. e3 Nbd7 6. Bd3 dxc4 7. Bxc4 b5 8. Bd3
Bd6 9. O-O O-O 10. b3 Bb7 11. Bb2 a6 12. a4 b4 13. Ne4 Nxe4 14. Bxe4 f5 15. Bd3
c5 16. Bc4 Qe7 17. Rc1 Rfd8 18. Qe2 Kh8 19. Rfd1 e5 20. dxe5 Nxe5 $11 21. Nxe5
Bxe5 22. Rxd8+ Rxd8 23. Bxe5 Qxe5 24. Bxa6 Bxa6 25. Qxa6 Qc3 26. Rxc3 bxc3 27.
Qe2 Rd2 28. Qe1 Rb2 29. Qc1 1-0

[Event "SV Mülheim-Nord 3 - SG Gladbeck 1"]
[Site "Verbandsliga, Gruppe 2 2017/2"]
[Date "2018.01.14"]
[Round "5.3"]
[White "Frohne, Gerd"]
[Black "Limbourg, Philipp"]
[Result "0-1"]
[WhiteElo "2088"]
[BlackElo "2165"]
[PlyCount "46"]
[EventDate "2018.??.??"]

1. d4 Nf6 2. c4 c5 3. d5 b5 4. cxb5 a6 5. b6 e6 6. Nc3 exd5 7. Nxd5 Nxd5 8.
Qxd5 Nc6 9. e4 Be7 10. Nf3 O-O 11. Bc4 Qxb6 12. O-O Rb8 13. Bf4 d6 14. Ng5 Nd4
15. Nxh7 Be6 16. Qh5 Bxc4 17. Be3 Be2 18. f3 Bxf1 19. Rxf1 Rfe8 20. f4 Qxb2 21.
f5 Qe2 22. Qh3 Nc2 23. Bf4 Qxe4 0-1

[Event "SV Mülheim-Nord 3 - SG Gladbeck 1"]
[Site "Verbandsliga, Gruppe 2 2017/2"]
[Date "2018.01.14"]
[Round "5.4"]
[White "Simanowski, Mio"]
[Black "Berg, Dietmar"]
[Result "0-1"]
[WhiteElo "1933"]
[BlackElo "1969"]
[PlyCount "66"]
[EventDate "2018.??.??"]

1. e4 c5 2. Nf3 d6 3. d4 cxd4 4. Qxd4 a6 5. c4 Nc6 6. Qd3 g6 7. Nc3 Bg7 8. Bf4
Qa5 9. Be2 Nf6 10. O-O O-O 11. a3 Bg4 12. b4 Qh5 13. h3 Bxf3 14. Bxf3 Ne5 15.
Bxe5 Qxe5 16. Rad1 Rac8 17. Nd5 Nxd5 18. exd5 Qf4 19. Rfe1 Be5 20. Re4 Qh2+ 21.
Kf1 Rc7 22. g3 Qxh3+ 23. Ke2 Bf6 24. g4 Qh6 25. Rh1 Qg5 26. Bg2 Bg7 27. Qh3 h6
28. f4 Qf6 29. g5 Qb2+ 30. Kf1 Bd4 31. Re2 Qc1+ 32. Re1 Qxc4+ 33. Re2 Qc1+ 0-1

[Event "SV Mülheim-Nord 3 - SG Gladbeck 1"]
[Site "Verbandsliga, Gruppe 2 2017/2"]
[Date "2018.01.14"]
[Round "5.5"]
[White "Holtkamp, Matthias"]
[Black "Kuipers, Dustin"]
[Result "0-1"]
[WhiteElo "1943"]
[BlackElo "2039"]
[PlyCount "108"]
[EventDate "2018.??.??"]

1. d4 d5 2. c4 c6 3. Nf3 Nf6 4. Nc3 a6 5. cxd5 cxd5 6. e3 Nc6 7. Be2 Bf5 8. O-O
Rc8 9. Ne5 Qd6 10. Nxc6 Rxc6 11. Bd3 Bxd3 12. Qxd3 e6 13. f3 Be7 14. e4 Qd8 15.
e5 Nd7 16. f4 f5 17. Rf3 O-O 18. Rh3 Qb6 19. Kh1 Rf7 20. b3 Bb4 21. Ne2 Qb5 22.
Qxb5 axb5 23. a3 Ba5 24. Ra2 Rf8 25. Rd3 Rfc8 26. Be3 Rc2 27. Rxc2 Rxc2 28. Ng1
Bd8 29. h3 Be7 30. a4 bxa4 31. bxa4 Nb6 32. Nf3 Nxa4 33. Rb3 Rb2 34. Rd3 b5 35.
g4 g6 36. gxf5 gxf5 37. Bc1 Rb1 38. Rd1 Rb3 39. Kg2 Nb6 40. Rd2 Nc4 41. Ra2 Rb1
42. Ra7 Kf8 43. Ra8+ Kf7 44. Ra7 h6 45. Rb7 b4 46. Ne1 Rxc1 47. Kf2 Rc3 48. Ke2
b3 49. Kd1 b2 50. Nc2 b1=Q+ 51. Rxb1 Rxc2 52. Kxc2 Na3+ 53. Kb2 Nxb1 54. Kxb1
Bh4 0-1

[Event "SV Mülheim-Nord 3 - SG Gladbeck 1"]
[Site "Verbandsliga, Gruppe 2 2017/2"]
[Date "2018.01.14"]
[Round "5.6"]
[White "Mainusch, Martin"]
[Black "Rickert, Stefan"]
[Result "1-0"]
[WhiteElo "1978"]
[BlackElo "1894"]
[Annotator "Daniel"]
[PlyCount "81"]
[EventDate "2018.??.??"]

1. Nf3 d5 2. g3 c5 3. Bg2 Nc6 4. O-O Nf6 5. d3 g6 6. Nbd2 Bg7 7. e4 O-O 8. Re1
Bg4 9. h3 Bd7 10. e5 Ne8 11. Nf1 Nc7 12. Bf4 Qc8 13. Kh2 Ne6 14. Qd2 Nxf4 $11
15. gxf4 f6 16. Re2 Bh6 17. exf6 $11 Qc7 18. Ng3 exf6 19. Qc3 Qd6 20. Qb3 Na5
21. Qa3 b6 22. f5 Bxf5 23. Nh4 Bd7 24. Rae1 Bf4 25. c4 Bc6 26. Re6 Qd8 27. Rxc6
Nxc6 28. Bxd5+ Kg7 29. Bxc6 Qd4 30. Kg2 Rac8 31. Bd5 Bxg3 32. fxg3 f5 33. Nf3
Qf6 34. Re6 Qf7 35. Qc3+ Kh6 36. Qc1+ Kg7 37. Qc3+ Kh6 38. Ne5 Qc7 39. Rc6 Qe7
40. Rxc8 Rxc8 41. Nf7+ 1-0

[Event "SV Mülheim-Nord 3 - SG Gladbeck 1"]
[Site "Verbandsliga, Gruppe 2 2017/2"]
[Date "2018.01.14"]
[Round "5.7"]
[White "Kucheyda, Joerg"]
[Black "Grodotzki, Kenneth"]
[Result "1-0"]
[WhiteElo "1939"]
[BlackElo "1985"]
[Annotator "Daniel"]
[PlyCount "76"]
[EventDate "2018.??.??"]

1. d4 f5 2. Nc3 Nf6 3. Bg5 d5 4. Bxf6 exf6 5. e3 Be6 6. Nh3 Qd7 7. Nf4 Bf7 8.
Be2 Nc6 9. Bh5 g6 10. Bf3 Bb4 11. Qd3 O-O-O 12. a3 Bxc3+ 13. Qxc3 Rhe8 14. Nd3
Qd6 15. g3 g5 16. O-O-O Kb8 17. h4 Bg6 18. hxg5 fxg5 19. Bh5 Re4 20. Nc5 Re7
21. Bxg6 hxg6 22. Nd3 Re4 23. Nc5 Re7 24. Qb3 b6 25. Nd3 Re4 26. Rh7 Re7 27.
Rdh1 Rde8 28. Qb5 f4 29. Rxe7 Rxe7 30. gxf4 a6 31. Qxa6 gxf4 32. Nxf4 g5 33.
Nd3 Re8 34. Qb5 Rf8 35. Kb1 Na5 36. Nc5 Rg8 37. Rh7 Rc8 38. Nd7+ Ka7 {ZAo} 1-0

[Event "SV Mülheim-Nord 3 - SG Gladbeck 1"]
[Site "Verbandsliga, Gruppe 2 2017/2"]
[Date "2018.01.14"]
[Round "5.8"]
[White "Brockhaus, Bernd"]
[Black "Wenzel, Martin"]
[Result "1/2-1/2"]
[WhiteElo "1948"]
[BlackElo "1948"]
[Annotator "Daniel"]
[PlyCount "92"]
[EventDate "2018.??.??"]

1. e4 c6 2. d4 d5 3. e5 Bf5 4. g4 Bg6 5. h4 h5 6. g5 e6 7. Nh3 Ne7 8. Nf4 Be4
9. Rh2 g6 10. Nc3 Bf5 11. Be3 Nd7 12. a3 Qc7 13. Be2 Bg7 14. Kf1 a6 15. Nd3 c5
16. f4 cxd4 17. Bxd4 Nc6 18. Nb4 Nxb4 19. axb4 Bf8 20. b5 a5 21. b6 Nxb6 22.
Bb5+ Kd8 23. Ba4 Nxa4 24. Nxa4 b5 25. Bb6 bxa4 26. Bxc7+ Kxc7 27. Qd4 Kc6 28.
Qxa4+ Kb6 29. Rd2 Bc5 30. Ra3 Bxa3 31. Qxa3 Rhc8 32. c3 Rc6 33. Qb3+ Kc7 34.
Rd4 Ra7 35. Ke2 Rb7 36. Qa3 Kd7 37. Rd2 Rb5 38. Qa4 Rbc5 39. Rd4 Kc7 40. Qa3
Kb6 41. Ra4 Bc2 42. Rd4 Rb5 $11 43. Kd2 Bb3 44. Qf8 Rc7 45. Qd6+ Kb7 46. Kc1
Bc4 1/2-1/2

[Event "SG Bochum 3 - SC Doppelbauer Brambauer "]
[Site "Verbandsliga, Gruppe 2 2017/2"]
[Date "2018.01.14"]
[Round "5.2"]
[White "Butschek, Marc"]
[Black "Schulz, Hartmut"]
[Result "1/2-1/2"]
[WhiteElo "1974"]
[BlackElo "2042"]
[PlyCount "23"]
[EventDate "2018.??.??"]

1. e4 c6 2. c4 d5 3. exd5 cxd5 4. cxd5 Nf6 5. d4 Nxd5 6. Nc3 e6 7. Nf3 Nc6 8.
Bc4 Be7 9. O-O O-O 10. Re1 a6 11. Bb3 b5 12. Nxd5 1/2-1/2

[Event "SG Bochum 3 - SC Doppelbauer Brambauer "]
[Site "Verbandsliga, Gruppe 2 2017/2"]
[Date "2018.01.14"]
[Round "5.3"]
[White "Koth, Stefan"]
[Black "Fistoul, Boris"]
[Result "1-0"]
[WhiteElo "2010"]
[BlackElo "1999"]
[PlyCount "61"]
[EventDate "2018.??.??"]

1. c4 e6 2. e4 b6 3. d4 Bb7 4. Nc3 Bb4 5. Qc2 c5 6. Nf3 cxd4 7. Nxd4 Nc6 8.
Nxc6 Bxc6 9. Bd3 Qc7 10. O-O Nf6 11. a3 Bxc3 12. bxc3 d6 13. h3 O-O 14. Bg5 Nd7
15. f4 Nc5 16. f5 f6 17. Be3 Nxd3 18. Qxd3 e5 19. Rae1 Bb7 20. Rf3 Ba6 21. Rg3
Bxc4 22. Qd1 Kh8 23. Qg4 Rg8 24. Qh4 Bf7 25. Rg4 h5 26. Rg6 Bxg6 27. fxg6 Rgc8
28. Qxh5+ Kg8 29. Qh7+ Kf8 30. Rf1 Ke8 31. Rxf6 1-0

[Event "SG Bochum 3 - SC Doppelbauer Brambauer "]
[Site "Verbandsliga, Gruppe 2 2017/2"]
[Date "2018.01.14"]
[Round "5.4"]
[White "Biermann, Florian"]
[Black "Wagner, Norbert"]
[Result "1-0"]
[WhiteElo "2018"]
[BlackElo "2023"]
[Annotator "Daniel"]
[PlyCount "123"]
[EventDate "2018.??.??"]

1. g3 f5 2. c4 c6 3. Bg2 g6 4. Nc3 Bg7 5. d3 Nh6 6. e4 d6 7. Nge2 O-O 8. f3 e5
9. h4 Nf7 10. Be3 Be6 11. Qd2 Nd7 12. h5 g5 13. h6 Bf6 14. exf5 Bxf5 15. O-O-O
Nc5 16. Ne4 Be7 17. Nxc5 dxc5 18. f4 Qd6 19. Nc3 Nxh6 20. fxe5 Qg6 21. Ne4 Ng4
22. Bxc5 Bxc5 23. Nxc5 Nxe5 24. Rhe1 Rfe8 25. Re3 Rad8 26. Qc3 Ng4 27. Rxe8+
Rxe8 28. Qd4 Ne3 29. Rd2 Nxg2 30. Rxg2 b6 31. Nb7 Bxd3 32. Rd2 Bb1 33. b3 Bf5
34. Nd6 Rf8 35. g4 Bd7 36. Kb2 Qg7 37. Qxg7+ Kxg7 38. Ne4 Bxg4 39. Nxg5 Re8 40.
Rg2 h5 41. Nf3 Re3 42. Nd4 Kh6 43. Rxg4 hxg4 44. Nf5+ Kg5 45. Nxe3 Kf4 46. Nc2
Kf3 47. Kc3 Ke2 48. Nd4+ Ke3 $11 49. c5 bxc5 50. Nf5+ Kf4 51. Nh4 g3 52. Kd3
Kg4 53. Ng2 Kf3 54. Ne3 Kf2 55. Ke4 c4 56. bxc4 Ke2 57. Ng2 a5 58. c5 a4 59. a3
Kd2 60. Kd4 Ke2 61. Nh4 Kd2 62. Kc4 1-0